000
00328nam a2200133Ia 4500
005
20251222155152.0
008
251222s9999||||xx |||||||||||||| ||spa||
082
_a
MEQ.298
100
_a
Doenges Marylyn E.
245
0
_a
Planes de cuidadis de enfermerá
250
_a
7ma. ed.
264
_b
Mc Graw Hill-Interam.
942
_c
LIB
999
_c
39586
_d
39586